1535 1519 1259 1908 1963 1543 1749 1066 1400 1400 1604 1306 1117 1429 1722 1195 1624 1254 1989 1926 1655 1681 1600 1589 1983 1254 1604 1251 1152 1169 1611 1129 1077 1117 1546 1016 1512 1605 1445 1113 1183 1014 1928 1509 1946 1954 1041 1791 1467 1185 1952 1213 1900 1575 1012 1773 1055 1983 1052 1062 1169 1554 1098 1330 1253 1578 1718 1667 1610 1963 1930 1818 1523 1968 1291 1573 1046 1671 1473 1711 1516 1931 1081 1852 1840 1313 1549 1755 1932 1647 1753 1684 1348 1945 1355 1547 1945 1105 1075 BCNSPRNW ULIB Ver.6.0+V

เปลี่ยนเป็นภาษาไทย

Change to English
 แสดงรายละเอียดบรรณานุกรม
  กลับหน้าหลัก

Brief Record : Get Marc (ISO 2709) : E-mail record : QR code < ปิดหน้าต่าง
LEADER : 00000nam 2200000uu 4500
001    13399123370
003     ULIB
008    140827s2550||||th 000 0 tha d
099    วจ WQ240^bอ496ก
100 0  อัจฉโรบล แสงประเสริฐ
245 00 ภาวะความดันโลหิตสูงในสตรีตั้งครรภ์บทบาทพยาบาล/^cอัจฉโรบล แสงประเสริฐ
260    นครสวรรค์ :^bวิทยาลัยพยาบาลบรมราชชนนี สวรรค์ประชารักษ์ นครสวรรค์,^c2550
300    91 หน้า
650  0 ภาวะความดันโลหิตสูงในสตรีตั้งครรภ์
945    ^p0^l0^i021884
999    ^aเกษร โพธิ์สุวรรณ
รายการนี้ยังไม่มีแท็ก
คุณยังไม่ได้ล็อกอิน คุณสามารถมีกิจกรรมร่วมกับเว็บไซต์ได้ แต่ต้องล็อกอินก่อน ::
  ล็อกอิน

รายการสื่อสารสนเทศ

ลำดับที่ ประเภท เลขเรียก/บาร์โค้ด สถานที่ สถานะ
1. งานวิจัย
งานวิจัย
วจ WQ240 อ496ก ฉ.1 
  Barcode: 021884
ห้องสมุดวิทยาเขตสวรรค์ประชารักษ์
►วิจัย
บนชั้น

รายการใกล้เคียง
    ผู้แต่ง [อัจฉโรบล แสงประเสริฐ]

BibComment


ยังไม่เคยถูกคอมเมนท์

คอมเมนท์ทรัพยากรรายการนี้
  คอมเมนท์: ภาวะความดันโลหิตส..


 Copyright 2026. Bcnsprnw @Library